000
00348nam a2200169Ia 4500
100
_a
Freeman/Eric/ Robson/E
650
_a
HTML
942
_c
BK
366
_f
25
654
_a
HTML
245
_a
Headfirst HTML 5 Programming
260
_b
SPD
_c
2011
082
_a
5.133
_b
FRE
300
_a
573
546
_a
ENGLISH
_c
electronics
999
_c
29581
_d
29581